Muchas hispanoaméricas: antropología, historia y enfoques culturales en los estudios latinoamericanistas /

Spremljeno u:
Bibliografski detalji
Glavni autor: Salman, Ton
Daljnji autori: Krüggeler, Thomas (reseñador), Mücke, Ulrich (Urednik)
Format: Tekst
Oznake: Dodaj oznaku
Bez oznaka, Budi prvi tko označuje ovaj zapis!

MARC

LEADER 00000 a a2200000 04500
001 16263
003
040
100 |a Salman, Ton  
245 |a Muchas hispanoaméricas: antropología, historia y enfoques culturales en los estudios latinoamericanistas /  |c Ton Salman ; reseña por Thomas Krüggeler ; edición por Ulrich Mücke 
500 |a Datos de edición: Madrid/Frankfurt am Main, Iberoamericana/Vervuert Verlag, 2001  
700 |a Krüggeler, Thomas   |e reseñador  
700 |a Mücke, Ulrich   |e editor  
773 |g número 73; páginas 146-147  
999 |c 36811  |d 36811